000
00230 a2200097 4500
001
23196
100
_a
Jamreelah, M
245
_a
Islam Versus Ahl al-Kitab : Past & Present
260
_a
_b
Mohd Yusuf
_c
1966
090
_c
15704
_d
15704
942
_a
NUST-CAE
_c
M
_c
6341
999
_c
258269
_d
258269